[Event "POL-chT3 Podkarpackie"]
[Site "Czudec"]
[Date "2016.05.28"]
[Round "2.10"]
[White "Wilk, Tomasz"]
[Black "Babiarz, Mariusz"]
[Result "1-0"]
[WhiteElo "1843"]
[BlackElo "1888"]
[PlyCount "77"]
[EventDate "2016.05.27"]
[EventType "team-tourn"]
[EventRounds "9"]
[EventCountry "POL"]
[SourceTitle "EXT 2018"]
[Source "ChessBase"]
[SourceDate "2017.10.13"]
[SourceVersion "1"]
[SourceVersionDate "2017.10.13"]
[SourceQuality "1"]
[WhiteTeam "Mielec"]
[BlackTeam "Rzeszow RzKSz"]
[WhiteTeamCountry "POL"]
[BlackTeamCountry "POL"]

1. e4 c5 2. Nc3 e6 3. f4 a6 4. Nf3 b5 5. d4 cxd4 6. Qxd4 Nc6 7. Qf2 Nf6 8. e5 b4 9. Na4 Nd5 10. Bc4 Qa5 11. b3 Rb8 12. 0-0 Nc3 13. Nxc3 bxc3 14. Be3 Ba3 15. f5 h6 16. Kh1 exf5 17. Nd4 Nxd4 18. Bxd4 0-0 19. Qxf5 d5 20. e6 fxe6 21. Qg6 Qc7 22. Bd3 Rf5 23. Bxf5 exf5 24. Rae1 Qf7 25. Qg3 Rb7 26. Bxc3 Bd7 27. Qe5 Rb6 28. Rd1 Bd6 29. Qxd5 Be6 30. Qd4 Bc7 31. Rfe1 Rd6 32. Qe3 Rxd1 33. Rxd1 Bd5 34. Qd4 Bc6 35. Rd3 Qg6 36. Qxg7+ Qxg7 37. Bxg7 Kxg7 38. Rc3 Bxg2+ 39. Kxg2 1-0

[Event "POL-chT3 Podkarpackie"]
[Site "Czudec"]
[Date "2016.05.27"]
[Round "1.22"]
[White "Babiarz, Mariusz"]
[Black "Lusio, Daniel"]
[Result "1/2-1/2"]
[WhiteElo "1888"]
[BlackElo "1877"]
[PlyCount "65"]
[EventDate "2016.05.27"]
[EventType "team-tourn"]
[EventRounds "9"]
[EventCountry "POL"]
[SourceTitle "EXT 2018"]
[Source "ChessBase"]
[SourceDate "2017.10.13"]
[SourceVersion "1"]
[SourceVersionDate "2017.10.13"]
[SourceQuality "1"]
[WhiteTeam "Rzeszow RzKSz"]
[BlackTeam "Sedziszow Malopolski"]
[WhiteTeamCountry "POL"]
[BlackTeamCountry "POL"]

1. e4 c6 2. c4 d5 3. cxd5 cxd5 4. exd5 Qxd5 5. Nc3 Qd8 6. d4 e6 7. Nf3 Nf6 8. Be2 Be7 9. 0-0 0-0 10. Be3 Nc6 11. a3 a6 12. Rc1 Nd5 13. Nxd5 exd5 14. Ne5 Qb6 15. b4 Be6 16. Nxc6 bxc6 17. Qa4 Rfc8 18. Ra1 Bd7 19. Rfb1 Bd6 20. Qd1 f5 21. Qd2 Re8 22. Bd3 Qc7 23. g3 Rf8 24. f4 Rfe8 25. Bf2 a5 26. bxa5 Rxa5 27. a4 Qa7 28. Bc2 g6 29. Re1 Rxe1+ 30. Rxe1 Kf7 31. h3 Qc7 32. Ra1 Ra6 33. Rb1 1/2-1/2

[Event "Podkarpackie-ch"]
[Site "Pstragowa"]
[Date "2015.01.06"]
[Round "9"]
[White "Czopor, Maciej"]
[Black "Babiarz, Mariusz"]
[Result "1/2-1/2"]
[WhiteElo "1714"]
[BlackElo "1912"]
[PlyCount "61"]
[EventDate "2015.01.03"]
[EventType "swiss"]
[EventRounds "9"]
[EventCountry "POL"]
[SourceTitle "EXT 2019"]
[Source "ChessBase"]
[SourceDate "2018.10.10"]
[SourceVersion "1"]
[SourceVersionDate "2018.10.10"]
[SourceQuality "1"]

1. e4 c5 2. c3 d5 3. exd5 Qxd5 4. d4 e6 5. Nf3 Nf6 6. Be2 Be7 7. 0-0 0-0 8. c4 Qd8 9. Nc3 cxd4 10. Qxd4 Qxd4 11. Nxd4 a6 12. Be3 Nbd7 13. Rad1 Bc5 14. Nc2 Bxe3 15. Nxe3 b6 16. Rd6 Ra7 17. Rfd1 Rc7 18. f4 g6 19. Bf3 Bb7 20. Bxb7 Rxb7 21. g3 Rc8 22. b4 Kf8 23. Kg2 Ke7 24. Kf3 Ne8 25. R6d2 Ndf6 26. Rd4 h5 27. Ne4 Nxe4 28. Kxe4 Nf6+ 29. Kf3 Rd7 30. Rxd7+ Nxd7 31. Ke4 1/2-1/2

[Event "POL-chT3 Podkarpackie"]
[Site "Pstragowa"]
[Date "2014.05.02"]
[Round "4.2"]
[White "Babiarz, Mariusz"]
[Black "Kopacz, Grzegorz"]
[Result "0-1"]
[WhiteElo "1965"]
[BlackElo "2188"]
[PlyCount "102"]
[EventDate "2014.04.30"]
[EventType "team-tourn"]
[EventRounds "9"]
[EventCountry "POL"]
[SourceTitle "EXT 2015"]
[Source "ChessBase"]
[SourceDate "2014.11.20"]
[SourceVersion "1"]
[SourceVersionDate "2014.11.20"]
[SourceQuality "1"]
[WhiteTeam "Rzeszow II"]
[BlackTeam "Mielec"]
[WhiteTeamCountry "POL"]
[BlackTeamCountry "POL"]

1. c4 c5 2. Nc3 Nc6 3. g3 g6 4. Bg2 Bg7 5. e4 e6 6. Nge2 d6 7. d3 Nge7 8. 0-0 0-0 9. Rb1 Nd4 10. Nxd4 cxd4 11. Ne2 a5 12. b3 e5 13. Bd2 Bd7 14. h3 Qc8 15. Kh2 h6 16. Qc1 Kh7 17. Qa3 Qc5 18. Qxc5 dxc5 19. f4 Nc6 20. a4 f5 21. Rbe1 Rae8 22. Nc1 b6 23. Bf3 Nb4 24. h4 Nc2 25. Re2 Ne3 26. Bxe3 dxe3 27. Rxe3 exf4 28. gxf4 fxe4 29. Bxe4 Bd4 30. Rg3 Bf5 31. h5 gxh5 32. Ne2 Bxe4 33. Nxd4 cxd4 34. dxe4 Rxe4 35. f5 Rg4 36. Rd3 Kg7 37. b4 Rc8 38. bxa5 bxa5 39. Rb3 Rc7 40. Rb5 d3 41. Rd5 Re4 42. Rxd3 Rexc4 43. Rg3+ Rg4 44. Ra3 Rcc4 45. Rfa1 Kf6 46. Rf1 Rh4+ 47. Kg2 Rcg4+ 48. Kf2 Rf4+ 49. Ke1 Rxf1+ 50. Kxf1 Kxf5 51. Kf2 Ke4 0-1